Pokémon by Picture - Generation 3 - Statistics

General Stats
  • This quiz has been taken 145 times
  • The average score is 13 of 16
Answer Stats
Picture Answer % Correct
Mudkip
96%
Rayquaza
93%
Latias
89%
Gardevoir
88%
Kyogre
88%
Latios
88%
Absol
87%
Blaziken
87%
Groudon
87%
Metagross
86%
Treecko
84%
Flygon
78%
Spheal
77%
Aggron
75%
Shroomish
71%
Tropius
69%
No matching quizzes found
Score Distribution
Percent of People with Each Score
Percentile by Number Answered
Your Score History
You have not taken this quiz